000 00304nam a2200121Ia 4500
008 190216s9999||||xx |||||||||||||| ||und||
100 _aEms Namboodiripad
245 0 _a"Kerala Yesterday,Today,And Tomorrow"
260 _bSterling Publications
_c1987
300 _a254p
650 _aHistory
942 _cBK
999 _c18715
_d18715